000 01951nam0a2200421 4500
001 RU\NLR\BIBL_A\010813827
005 20260406063945.0
010 _a978-5-09-036595-6
_93000
021 _aRU
_b2015-47111
_92804
021 _aRU
_b2016-99597
_96628
035 _a(NILC)RuMoRGB-007963052
035 _a(NLR Aleph) 010813827
090 _a10214733
_c10214733
100 _a20150806d2016 |||y0rusy50 ca
101 0 _arus
_aspa
102 _aRU
_aES
105 _aacb|j|||000yy
200 1 _aИспанский язык
_eвторой иностранный язык
_e5-6 классы
_eучебник
_eдля общеобразовательных организаций
_f[С.В. Костылева, О.В. Сараф, К.В, Морено и др.]
205 _a3-е изд.
210 _aМосква
_cПросвещение
_a[Мадрид]
_cAnaya
_d2016
_d[т.е. 2015]
215 _a159 с.
_cил., портр., цв. ил., портр., карт.
_d28
225 1 _aЗавтра
225 1 _aФГОС
300 _aНа обл.: Español Lengua Extranjera: 5-6: libro del alumno. (Mañana)
300 _aАвт. указаны на обороте тит. л.
300 _aКн. фактически изд. в 2015 г.
512 1 _aEspañol Lengua Extranjera
_e5-6
_elibro del alumno
517 1 _aMañana
606 1 _aИспанский язык
_jУчебники для средней школы
_91211111
_3RU\NLR\AUTH\66491709
686 3 _aШ147.21-93рус21[5/6]
701 1 _7ca
_8rus
_aКостылева
_bС. В.
_gСветлана Владимировна
_3RU\NLR\AUTH\7723483
_96536
701 1 _aСараф
_bО. В.
_gОльга Валентиновна
701 1 _8rus
_7ca
_aМорено
_bК. В.
_gКармен Викторовна
_3RU\NLR\AUTH\77109040
_991965
801 0 _aRU
_bРГБ
_c20150626
_gRCR
942 _cBOOK
980 _aNB